[Event "Let's Go Dutch"]
[Site "SchemingMind.com"]
[Date "2006.05.27"]
[Round "-"]
[White "dogod"]
[Black "mart_r3000"]
[Result "0-1"]
[WhiteCountry "USA"]
[BlackCountry "ENG"]
[WhiteElo "1110"]
[WhiteRD "88"]
[BlackElo "1260"]
[BlackRD "61"]
[GameID "52788"]

1. d4 f5 2. Nc3 d5 3. Nf3 Nc6 4. Bg5 h6 5. Bh4 g5 6. Bg3 f4 7. Ne5 fxg3 8. Nxc6 bxc6 9. fxg3 g4 10. e3 Nf6
11. Be2 Qd6 12. h3 Qxg3+ 13. Kf1 gxh3 14. gxh3 Bxh3+ 15. Rxh3 Qxh3+ 16. Kf2 Rg8 17. Qf1 Qg3#
0-1

[Event "Let's Go Dutch"]
[Site "SchemingMind.com"]
[Date "2006.05.27"]
[Round "-"]
[White "mart_r3000"]
[Black "dogod"]
[Result "1-0"]
[WhiteCountry "ENG"]
[BlackCountry "USA"]
[WhiteElo "1311"]
[WhiteRD "55"]
[BlackElo "1017"]
[BlackRD "72"]
[GameID "52789"]

1. d4 f5 2. Nf3 Nc6 3. d5 Nb4 4. Bd2 a5 5. Nc3 c6 6. d6 exd6 7. Bg5 Be7 8. Qd4 Bxg5 9. Qxg7 Bf6 10. Qg3 Ne7
11. Qxd6 Nxc2+ 12. Kd2 Nxa1 13. Qxf6 Rf8 14. Qg7 f4 15. Ne4 Rf7 16. Nf6+ Rxf6 17. Qxf6 Qc7 18. Ke1 Nd5 19. Qh8+ Ke7 20. Ng5 Qd6
21. Qxh7+ Ke8 22. g3 Qb4+ 23. Kd1 Qxb2 24. Qe4+ Kd8 25. Nf7+ Kc7 26. Qe5+ Qxe5 27. Nxe5 Nc3+ 28. Ke1 d6 29. Nd3 Bf5 30. Nxf4 Be4
31. f3 Bb1 32. Bg2 Re8 33. Kd2 Nxa2 34. Rxb1 Nb3+ 35. Rxb3 c5 36. Nd5+ Kc6 37. f4 b5 38. Nf6+ Kb6 39. Nxe8 a4 40. Rd3 c4
41. Rxd6+ Kc5 42. f5 b4 43. Rc6+ Kb5 44. Nc7+ Ka5 45. Ra6#
1-0

[Event "Let's Go Dutch"]
[Site "SchemingMind.com"]
[Date "2006.05.30"]
[Round "-"]
[White "cnile"]
[Black "mart_r3000"]
[Result "1-0"]
[WhiteCountry "SCO"]
[BlackCountry "ENG"]
[WhiteElo "1414"]
[WhiteRD "94"]
[BlackElo "1311"]
[BlackRD "55"]
[GameID "53089"]

1. d4 f5 2. Bg5 h6 3. Bh4 g5 4. e4 g4 5. Nh3 Bg7 6. Nf4 Nc6 7. Nc3 Nf6 8. Bc4 e5 9. dxe5 Qe7 10. exf6 Bxf6
11. Bxf6 Qxf6 12. Nfd5 Qd6 13. O-O Ne5 14. Bb3 c6 15. Ne3 Qb4 16. Nxf5 b6 17. a3 Qa5 18. Qd6 Ba6 19. Qe7#
1-0

[Event "Let's Go Dutch"]
[Site "SchemingMind.com"]
[Date "2006.05.30"]
[Round "-"]
[White "cnile"]
[Black "dogod"]
[Result "1-0"]
[WhiteCountry "SCO"]
[BlackCountry "USA"]
[WhiteElo "1414"]
[WhiteRD "94"]
[BlackElo "1017"]
[BlackRD "72"]
[GameID "53090"]

1. d4 f5 2. Nc3 Nc6 3. Bg5 h6 4. Bh4 e5 5. Bxd8 Nxd8 6. dxe5 d6 7. exd6 cxd6 8. Nf3 Nc6 9. e4 fxe4 10. Nxe4 Bg4
11. Nxd6+ Bxd6 12. Qxd6 Bxf3 13. gxf3 Na5 14. Bb5+ Kf7 15. O-O-O Nf6 16. Qc7+ Kg6 17. Rhg1+ Kf5 18. Qxa5 b6 19. Bd7+ Kf4 20. Qf5#
1-0

[Event "Let's Go Dutch"]
[Site "SchemingMind.com"]
[Date "2006.05.30"]
[Round "-"]
[White "mart_r3000"]
[Black "cnile"]
[Result "0-1"]
[WhiteCountry "ENG"]
[BlackCountry "SCO"]
[WhiteElo "1311"]
[WhiteRD "55"]
[BlackElo "1414"]
[BlackRD "94"]
[GameID "53091"]

1. d4 f5 2. e4 fxe4 3. Qh5+ g6 4. Qe5 Nf6 5. Bg5 Bg7 6. Nd2 d6 7. Qg3 O-O 8. Bc4+ d5 9. Bb3 c6 10. O-O-O Nbd7
11. Nf1 a5 12. a4 Qb6 13. c4 Nh5 14. Qh4 Qxb3 15. Nd2 Qxa4 16. Bxe7 Bxd4 17. g4 Qa1+
0-1

[Event "Let's Go Dutch"]
[Site "SchemingMind.com"]
[Date "2006.05.30"]
[Round "-"]
[White "dogod"]
[Black "cnile"]
[Result "0-1"]
[WhiteCountry "USA"]
[BlackCountry "SCO"]
[WhiteElo "1017"]
[WhiteRD "72"]
[BlackElo "1414"]
[BlackRD "94"]
[GameID "53092"]

1. d4 f5 2. Bg5 b6 3. Qd3 Bb7 4. Nf3 Nf6 5. Bxf6 exf6 6. Qxf5 Be7 7. Nc3 d5 8. O-O-O O-O 9. e3 Bc8 10. Qf4 Bd6
11. Qh4 c6 12. Bd3 f5 13. g4 Qf6 14. Qxf6 Rxf6 15. h3 Nd7 16. gxf5 Nf8 17. Nh4 Bb7 18. Nf3 Re8 19. Rhg1 Bc8 20. Rg5 a5
21. Na4 b5 22. Nb6 Nd7 23. Nxc8 Rxc8 24. c3 b4 25. cxb4 axb4 26. Ba6 Ra8 27. Bb7 Rxa2 28. Bxc6 Nb6 29. Rdg1 b3 30. Rxg7+ Kf8
31. Rg8+ Ke7 32. R1g7+ Rf7 33. Rxf7+ Kxf7 34. Rd8 Nc4 35. Bxd5+ Ke7 36. Rh8 Ra1#
0-1

[Event "Let's Go Dutch"]
[Site "SchemingMind.com"]
[Date "2006.05.30"]
[Round "-"]
[White "Manfred Kraut"]
[Black "mart_r3000"]
[Result "0-1"]
[WhiteCountry "GER"]
[BlackCountry "ENG"]
[WhiteElo "1231"]
[WhiteRD "82"]
[BlackElo "1311"]
[BlackRD "55"]
[GameID "53126"]

1. d4 f5 2. Bf4 e6 3. e3 Nf6 4. Nc3 Bb4 5. Qd3 Nc6 6. a3 Be7 7. Nf3 Ng4 8. h3 Nf6 9. Bg5 h6 10. Bxf6 Bxf6
11. d5 O-O 12. dxc6 bxc6 13. b4 d5 14. b5 c5 15. b6 cxb6 16. Qb5 Bxc3+ 17. Nd2 f4 18. exf4 Bxa1 19. Nb3 Bc3+ 20. Ke2 a6
21. Qc6 Bd7 22. Qxa8 Bb5+ 23. Kd1 Qxa8 24. Bxb5 axb5
0-1

[Event "Let's Go Dutch"]
[Site "SchemingMind.com"]
[Date "2006.05.30"]
[Round "-"]
[White "Manfred Kraut"]
[Black "dogod"]
[Result "1-0"]
[WhiteCountry "GER"]
[BlackCountry "USA"]
[WhiteElo "1231"]
[WhiteRD "82"]
[BlackElo "1017"]
[BlackRD "72"]
[GameID "53127"]

1. d4 f5 2. Bf4 Nf6 3. e3 e6 4. Bd3 Nd5 5. Nf3 Nxf4 6. exf4 Bd6 7. Qd2 O-O 8. Nc3 Bb4 9. a3 Bxc3 10. Qxc3 Nc6
11. O-O b6 12. Qc4 Na5 13. Qa4 Nc6 14. Ne5 Nxe5 15. dxe5 Bb7 16. c4 d6 17. Rad1 dxe5 18. Bxf5 Qe7 19. Bxh7+ Kxh7 20. fxe5 Rad8
21. Rxd8 Rxd8 22. Qc2+ Kh8 23. f4 Qc5+ 24. Kh1 Qc6 25. f5 Rd3 26. fxe6 Re3 27. e7 Rxe5 28. Rf8#
1-0

[Event "Let's Go Dutch"]
[Site "SchemingMind.com"]
[Date "2006.05.30"]
[Round "-"]
[White "Manfred Kraut"]
[Black "cnile"]
[Result "0-1"]
[WhiteCountry "GER"]
[BlackCountry "SCO"]
[WhiteElo "1231"]
[WhiteRD "82"]
[BlackElo "1414"]
[BlackRD "94"]
[GameID "53128"]

1. d4 f5 2. Bf4 Nf6 3. e3 b6 4. Nc3 Bb7 5. Qd3 e6 6. O-O-O Nc6 7. Nf3 h6 8. d5 Nb4 9. Qb5 Nbxd5 10. Bd3 Nxc3
11. bxc3 Be7 12. h3 O-O 13. e4 fxe4 14. Bxe4 Nxe4 15. Rxd7 Qe8 16. Qe5 Qxd7 17. Rd1 Ba3+
0-1

[Event "Let's Go Dutch"]
[Site "SchemingMind.com"]
[Date "2006.05.30"]
[Round "-"]
[White "mart_r3000"]
[Black "Manfred Kraut"]
[Result "1-0"]
[WhiteCountry "ENG"]
[BlackCountry "GER"]
[WhiteElo "1311"]
[WhiteRD "55"]
[BlackElo "1231"]
[BlackRD "82"]
[GameID "53129"]

1. d4 f5 2. e4 e6 3. exf5 exf5 4. Nh3 Nf6 5. Bg5 h6 6. Bh4 g5 7. Qe2+ Qe7 8. Nc3 gxh4 9. O-O-O Qxe2 10. Nxe2 d5
11. Nef4 Nc6 12. Ng6 Rg8 13. Nhf4 Bd6 14. Re1+ Kf7 15. Ne5+ Ke7 16. Nxc6+ Kd7 17. Ne5+ Kd8 18. c4 dxc4 19. Bxc4 Rg4 20. g3 hxg3
21. hxg3 b5 22. Bxb5 a6 23. Nf7#
1-0

[Event "Let's Go Dutch"]
[Site "SchemingMind.com"]
[Date "2006.05.30"]
[Round "-"]
[White "dogod"]
[Black "Manfred Kraut"]
[Result "0-1"]
[WhiteCountry "USA"]
[BlackCountry "GER"]
[WhiteElo "1017"]
[WhiteRD "72"]
[BlackElo "1231"]
[BlackRD "82"]
[GameID "53130"]

1. d4 f5 2. Nf3 Nf6 3. Bg5 Nc6 4. Nc3 h6 5. Bxf6 exf6 6. Nh4 g5 7. Nxf5 d5 8. e4 Bxf5 9. exf5 Qe7+ 10. Be2 O-O-O
11. O-O h5 12. Bxh5 Qh7 13. Bf3 Qxh2#
0-1

[Event "Let's Go Dutch"]
[Site "SchemingMind.com"]
[Date "2006.05.31"]
[Round "-"]
[White "iain"]
[Black "Manfred Kraut"]
[Result "1-0"]
[WhiteCountry "USA"]
[BlackCountry "GER"]
[WhiteElo "1349"]
[WhiteRD "61"]
[BlackElo "1231"]
[BlackRD "82"]
[GameID "53234"]

1. d4 f5 2. g3 Nf6 3. Bg2 Nc6 4. Nf3 d6 5. O-O Be6 6. b3 d5 7. Nbd2 Qd6 8. Bb2 f4 9. e3 fxg3 10. fxg3 Ne4
11. Ne5 O-O-O 12. Nxe4 Qb4 13. Nxc6 bxc6 14. c3 Qb6 15. Ng5 Rd6 16. Nxe6 Rxe6 17. Bh3 Kd7 18. Bxe6+ Kxe6 19. Qg4+ Kd6 20. Ba3+ c5
21. Bxc5+ Qxc5 22. dxc5+ Kxc5 23. b4+ Kb5 24. Qd7+
1-0

[Event "Let's Go Dutch"]
[Site "SchemingMind.com"]
[Date "2006.05.31"]
[Round "-"]
[White "iain"]
[Black "mart_r3000"]
[Result "1-0"]
[WhiteCountry "USA"]
[BlackCountry "ENG"]
[WhiteElo "1349"]
[WhiteRD "61"]
[BlackElo "1311"]
[BlackRD "55"]
[GameID "53235"]

1. d4 f5 2. g3 h6 3. Bg2 e6 4. c4 Bb4+ 5. Bd2 Nc6 6. a3 Be7 7. Nf3 Nf6 8. O-O Ne4 9. Nc3 Nxd2 10. Qxd2 O-O
11. b4 d5 12. cxd5 exd5 13. Ne5 Nxe5 14. dxe5 Bg5 15. f4 Be7 16. Bxd5+ Kh8 17. Rad1 Qd7 18. Bb3 Qc6 19. Rc1 b6 20. Nd5 Qd7
21. Rxc7 Qe6 22. Nxe7 Qxb3 23. Ng6+ Kg8 24. Ne7+ Kh7 25. Nxc8 Raxc8 26. Rxc8 Rxc8 27. Rc1 Rxc1+ 28. Qxc1 g5 29. fxg5 hxg5 30. Qxg5 Qd1+
31. Kf2 Qd4+ 32. e3 Qb2+ 33. Kf3 Qxe5 34. Qh5+ Kg7 35. Qg5+ Kf7 36. Qf4 Qd5+ 37. e4 Qd3+ 38. Qe3 Qf1+ 39. Qf2 Qxf2+ 40. Kxf2 fxe4
41. Ke3 Kf6 42. Kxe4 Kg5 43. Kf3 Kf5 44. h4 Kg6 45. g4 Kh6 46. Kf4 a6 47. a4 Kg6 48. g5 Kh5 49. Kf5 Kxh4 50. g6
1-0

[Event "Let's Go Dutch"]
[Site "SchemingMind.com"]
[Date "2006.05.31"]
[Round "-"]
[White "iain"]
[Black "dogod"]
[Result "1-0"]
[WhiteCountry "USA"]
[BlackCountry "USA"]
[WhiteElo "1349"]
[WhiteRD "61"]
[BlackElo "1017"]
[BlackRD "72"]
[GameID "53236"]

1. d4 f5 2. g3 Nc6 3. Bg2 e5 4. dxe5 Nxe5 5. Nf3 Nxf3+ 6. Bxf3 Be7 7. O-O Nf6 8. c4 c6 9. b4 d5 10. cxd5 cxd5
11. a3 a5 12. b5 Qd7 13. Bb2 O-O 14. a4 Qd6 15. Ba3 Qe6 16. Bxe7 Qxe7 17. Nc3 d4 18. Qxd4 Rd8 19. Qf4 Rd6 20. e4 Rd3
21. Rac1 Nh5 22. Bxh5 Qc5 23. Nd5 Qd4 24. Ne7+ Kf8 25. Nxf5 Bxf5 26. Qxf5+ Kg8 27. Qf7+ Kh8 28. Qxb7 Rd8 29. Qc6 Rd2 30. Rcd1 g6
31. Rxd2 Qxd2 32. Qf6+ Kg8 33. Bxg6 hxg6 34. Qxg6+ Kf8 35. e5 Qc3 36. Qf6+ Ke8 37. Qg6+ Kf8 38. e6 Rd2 39. Qf7#
1-0

[Event "Let's Go Dutch"]
[Site "SchemingMind.com"]
[Date "2006.05.31"]
[Round "-"]
[White "iain"]
[Black "cnile"]
[Result "1-0"]
[WhiteCountry "USA"]
[BlackCountry "SCO"]
[WhiteElo "1349"]
[WhiteRD "61"]
[BlackElo "1414"]
[BlackRD "94"]
[GameID "53237"]

1. d4 f5 2. g3 e6 3. Bg2 d5 4. Nf3 Nf6 5. O-O Bd6 6. Ne5 Nbd7 7. Bf4 Nh5 8. e3 g5 9. Nxd7 Qxd7 10. Qxh5+ Qf7
11. Qxg5 Rg8 12. Qh6 Rg6 13. Qh4 Bd7 14. Bxd6 cxd6 15. Nc3 Rg4 16. Qh6 O-O-O 17. f3 Rg6 18. Qh5 e5 19. dxe5 dxe5 20. e4 fxe4
21. fxe4 Qe6 22. Nxd5 Rdg8 23. Rad1 Bb5 24. Rf2 Be8 25. Qxh7 Bf7 26. Rxf7 Qd6 27. Bh3+ Kb8 28. Rxb7+
1-0

[Event "Let's Go Dutch"]
[Site "SchemingMind.com"]
[Date "2006.05.31"]
[Round "-"]
[White "mart_r3000"]
[Black "iain"]
[Result "0-1"]
[WhiteCountry "ENG"]
[BlackCountry "USA"]
[WhiteElo "1311"]
[WhiteRD "55"]
[BlackElo "1349"]
[BlackRD "61"]
[GameID "53239"]

1. d4 f5 2. e4 fxe4 3. Qh5+ g6 4. Qe2 Nf6 5. Nc3 e6 6. a3 Nc6 7. Be3 d5 8. f3 Bd7 9. Bf4 exf3 10. Nxf3 Qe7
11. Nb5 O-O-O 12. Ne5 Kb8 13. Nxc6+ Bxc6 14. Bxc7+ Ka8 15. Bxd8 Qxd8 16. Nc3 Ne4 17. Nxe4 dxe4 18. Qc4 Qh4+ 19. g3 Qf6 20. O-O-O Bh6+
21. Kb1 Bd5 22. Qc7 e3 23. Rg1 Bf3 24. Qe5 Qxe5 25. dxe5 Bxd1 26. Bc4 e2 27. Bxe6 Re8 28. Bg4 Rxe5 29. Re1 Bd2
0-1

[Event "Let's Go Dutch"]
[Site "SchemingMind.com"]
[Date "2006.05.31"]
[Round "-"]
[White "dogod"]
[Black "iain"]
[Result "0-1"]
[WhiteCountry "USA"]
[BlackCountry "USA"]
[WhiteElo "1017"]
[WhiteRD "72"]
[BlackElo "1349"]
[BlackRD "61"]
[GameID "53240"]

1. d4 f5 2. Bg5 h6 3. Bf4 g5 4. Be5 Rh7 5. f3 Nc6 6. c3 d6 7. Bg3 f4 8. Bf2 Bf5 9. e4 fxe3 10. Bxe3 Qd7
11. f4 gxf4 12. Bxf4 O-O-O 13. Bb5 a6 14. Bxc6 Qxc6 15. Qh5 Qe4+ 16. Ne2 Nf6 17. Qh4 Nd5 18. Nd2 Nxf4 19. Qxf4 Qxf4 20. Nxf4 e5
21. Ne6 Bxe6 22. O-O-O exd4 23. cxd4 d5 24. Nf3 c5 25. Ne5 cxd4 26. Rxd4 Bc5 27. Rf4 Be3+ 28. Kd1 Bxf4 29. g3 Bxe5 30. Re1 Bg4+
31. Kc1 Rc7+ 32. Kb1 Bf5+ 33. Ka1 Be4 34. a3 Rc2 35. Rb1 d4 36. Rd1 d3 37. Ka2 Rxb2+ 38. Ka1 Rxh2+ 39. Kb1 d2+ 40. Ka2 Bd5+
41. Kb1 Bxg3
0-1

[Event "Let's Go Dutch"]
[Site "SchemingMind.com"]
[Date "2006.06.01"]
[Round "-"]
[White "Brerrabbit"]
[Black "Manfred Kraut"]
[Result "0-1"]
[WhiteCountry "SCO"]
[BlackCountry "GER"]
[WhiteElo "1250"]
[WhiteRD "65"]
[BlackElo "1231"]
[BlackRD "82"]
[GameID "53332"]

1. d4 f5 2. e4 fxe4 3. f3 d5 4. Nc3 Nf6 5. Nge2 Bf5 6. Nf4 Nc6 7. Bb5 a6 8. Bxc6+ bxc6 9. O-O exf3 10. Rxf3 Qd6
11. Qe2 e6 12. Bd2 Be7 13. Re1 Ne4 14. Nxe4 dxe4 15. Rg3 e5 16. dxe5 Qxe5 17. Nh5 g6 18. Nf4 Qxb2 19. Bc3 Qb6+ 20. Re3 O-O
21. Qc4+ Rf7 22. Bd4 Qb5 23. Qc3 Bb4 24. Qb3 Bxe1 25. Qxb5 cxb5 26. Rxe1 Rd8 27. Bf6 Rxf6
0-1

[Event "Let's Go Dutch"]
[Site "SchemingMind.com"]
[Date "2006.06.01"]
[Round "-"]
[White "Brerrabbit"]
[Black "iain"]
[Result "0-1"]
[WhiteCountry "SCO"]
[BlackCountry "USA"]
[WhiteElo "1250"]
[WhiteRD "65"]
[BlackElo "1349"]
[BlackRD "61"]
[GameID "53333"]

1. d4 f5 2. g3 Nf6 3. Bg2 e6 4. Nf3 Nc6 5. O-O d5 6. Bg5 Be7 7. Nc3 Ne4 8. Qd3 Nxg5 9. Qe3 O-O 10. h4 Nxf3+
11. Qxf3 Nxd4 12. Qd3 Nc6 13. Rad1 Ne5 14. Qe3 Nc4 15. Qf3 Nxb2 16. Rd4 Bf6 17. Rb4 Nc4 18. Nb1 a5 19. Rb3 a4 20. Rd3 Ne5
21. Qe3 Nxd3 22. cxd3 b6 23. Na3 c6 24. Rc1 Bb7 25. Qxe6+ Kh8 26. g4 fxg4 27. e4 dxe4 28. Bxe4 Bxh4 29. Qxg4 Bxf2+ 30. Kg2 Be3
31. Qh3 Rf2+ 32. Kg1 Rf3+ 33. Kg2 Rxh3 34. Kxh3 Bc8+ 35. Kg3 Qg5+ 36. Kf3 Bxc1 37. Nc4 Bg4+
0-1

[Event "Let's Go Dutch"]
[Site "SchemingMind.com"]
[Date "2006.06.01"]
[Round "-"]
[White "Brerrabbit"]
[Black "mart_r3000"]
[Result "0-1"]
[WhiteCountry "SCO"]
[BlackCountry "ENG"]
[WhiteElo "1250"]
[WhiteRD "65"]
[BlackElo "1311"]
[BlackRD "55"]
[GameID "53334"]

1. d4 f5 2. e4 e6 3. exf5 exf5 4. Qe2+ Ne7 5. g3 g6 6. Bg2 Bg7 7. Nf3 O-O 8. Ng5 h6 9. Qc4+ d5 10. Qe2 Rf6
11. O-O Nbc6 12. Be3 hxg5 13. Bxg5 Nxd4 14. Qd3 Re6 15. Nc3 Bf6 16. Bxf6 Rxf6 17. Qxd4 Qf8 18. Nxd5 Nxd5 19. Bxd5+ Be6 20. Bxe6+ Rxe6
21. Qd5 Re8 22. Qd7 R6e7 23. Qd5+ Kh7 24. Qd2 Qf6 25. f4 Qb6+ 26. Kg2 Re2+ 27. Qxe2 Rxe2+ 28. Kh3 Qf6 29. Rad1 Kh6 30. Rd7 g5
31. fxg5+ Qxg5 32. Rd4 c5 33. Rh4+ Kg6 34. g4 Re3+
0-1

[Event "Let's Go Dutch"]
[Site "SchemingMind.com"]
[Date "2006.06.01"]
[Round "-"]
[White "Brerrabbit"]
[Black "dogod"]
[Result "1-0"]
[WhiteCountry "SCO"]
[BlackCountry "USA"]
[WhiteElo "1250"]
[WhiteRD "65"]
[BlackElo "1017"]
[BlackRD "72"]
[GameID "53335"]

1. d4 f5 2. g3 d5 3. Bg2 e6 4. Nf3 Bb4+ 5. c3 Be7 6. O-O Nf6 7. Bf4 O-O 8. Nbd2 Ng4 9. Qb3 c6 10. Rfe1 Nd7
11. Rac1 g6 12. h3 Ngf6 13. c4 dxc4 14. Qxc4 Nb6 15. Bh6 Rf7 16. Ng5 Nxc4 17. Rxc4 Bd6 18. e4 fxe4 19. Ngxe4 Nxe4 20. Nxe4 Qf8
21. Bxf8 Kxf8 22. Nxd6 Rc7 23. d5 exd5 24. Rf4+ Kg8 25. Re8+ Kg7 26. h4 Bd7 27. Re7+ Kh6 28. Nf7+ Kg7 29. Ne5+ Kh6 30. Ng4+ Kh5
31. Nf6+ Kh6 32. Rxh7#
1-0

[Event "Let's Go Dutch"]
[Site "SchemingMind.com"]
[Date "2006.06.01"]
[Round "-"]
[White "Brerrabbit"]
[Black "cnile"]
[Result "0-1"]
[WhiteCountry "SCO"]
[BlackCountry "SCO"]
[WhiteElo "1250"]
[WhiteRD "65"]
[BlackElo "1414"]
[BlackRD "94"]
[GameID "53336"]

1. d4 f5 2. Nc3 Nf6 3. g3 d6 4. Bg2 e6 5. Nf3 Be7 6. O-O O-O 7. Bg5 Nc6 8. d5 exd5 9. Nxd5 Nxd5 10. Qxd5+ Kh8
11. Rad1 Bxg5 12. h4 Bf6 13. Bh3 Bd7 14. h5 a5 15. e4 Ne5 16. exf5 Bc6 17. Qb3 Nxf3+ 18. Kh1 Nd2+ 19. Kg1 Nxb3 20. axb3 Bh4
21. gxh4 Qxh4 22. Bg2 Rxf5 23. Rde1 Bxg2 24. Re8+ Rxe8
0-1

[Event "Let's Go Dutch"]
[Site "SchemingMind.com"]
[Date "2006.06.01"]
[Round "-"]
[White "Manfred Kraut"]
[Black "Brerrabbit"]
[Result "1-0"]
[WhiteCountry "GER"]
[BlackCountry "SCO"]
[WhiteElo "1231"]
[WhiteRD "82"]
[BlackElo "1250"]
[BlackRD "65"]
[GameID "53337"]

1. d4 f5 2. Bf4 Nf6 3. Nf3 Nc6 4. e3 Ne4 5. Qd3 d5 6. Be2 b6 7. Nc3 e6 8. Ne5 Nxf2 9. Kxf2 Nb4 10. Qb5+ Bd7
11. Nxd7 Qxd7 12. Qxd7+ Kxd7 13. Bd3 Re8 14. Nb5 a6 15. Nxc7 Rc8 16. Nxa6 Nc6 17. Bb5 Ra8 18. Nb4 Ke7 19. Nxc6+ Kf7 20. Ne5+ Kg8
21. g4 fxg4 22. Nxg4 h5 23. Ne5 Be7 24. Ng6
1-0

[Event "Let's Go Dutch"]
[Site "SchemingMind.com"]
[Date "2006.06.01"]
[Round "-"]
[White "iain"]
[Black "Brerrabbit"]
[Result "0-1"]
[WhiteCountry "USA"]
[BlackCountry "SCO"]
[WhiteElo "1349"]
[WhiteRD "61"]
[BlackElo "1250"]
[BlackRD "65"]
[GameID "53338"]

1. d4 f5 2. Nf3 Nf6 3. e3 d5 4. Be2 Nc6 5. O-O e5 6. Nxe5 Nxe5 7. dxe5 Ne4 8. Nc3 Qe7 9. Nxd5 Qxe5 10. c4 Bd6
11. f4 Qe6 12. b4 c6 13. Bb2 O-O 14. Nc3 b6 15. Nxe4 fxe4 16. f5 Qh6 17. g3 Qxe3+ 18. Kg2 Bxf5 19. Bd4 Qh6 20. Bxg7 Kxg7
21. c5 bxc5 22. Bg4 Qg5 23. Bxf5 Rxf5 24. Qxd6 Rd8 25. Qxc6 Rd2+ 26. Kg1 Qe3+ 27. Kh1 Rff2 28. Qc7+ Kf6 29. Rxf2+ Rxf2 30. Qd6+ Kf5
31. Qd5+ Kg4 32. Qg8+ Kf3 33. Qf7+ Ke2 34. Qc4+ Kf3 35. Qf7+ Ke2 36. Qxh7 Qf3+ 37. Kg1 Qg2#
0-1

[Event "Let's Go Dutch"]
[Site "SchemingMind.com"]
[Date "2006.06.01"]
[Round "-"]
[White "mart_r3000"]
[Black "Brerrabbit"]
[Result "1-0"]
[WhiteCountry "ENG"]
[BlackCountry "SCO"]
[WhiteElo "1311"]
[WhiteRD "55"]
[BlackElo "1250"]
[BlackRD "65"]
[GameID "53339"]

1. d4 f5 2. Nc3 Nf6 3. Nf3 d5 4. e3 Nc6 5. Bb5 Bd7 6. O-O Nb4 7. a3 Nc6 8. Ng5 e5 9. f4 Bd6 10. Nxd5 O-O
11. Nxf6+ gxf6 12. Bc4+ Kg7 13. Qh5 h6 14. Ne6+ Bxe6 15. Bxe6 Qe7 16. d5 Na5 17. Rf3 exf4 18. Rh3 Kh8 19. Qg6 c6 20. Qxh6+
1-0

[Event "Let's Go Dutch"]
[Site "SchemingMind.com"]
[Date "2006.06.01"]
[Round "-"]
[White "dogod"]
[Black "Brerrabbit"]
[Result "0-1"]
[WhiteCountry "USA"]
[BlackCountry "SCO"]
[WhiteElo "1017"]
[WhiteRD "72"]
[BlackElo "1250"]
[BlackRD "65"]
[GameID "53340"]

1. d4 f5 2. Bg5 h6 3. Bf4 g5 4. Be5 Rh7 5. Qd3 e6 6. e4 Nc6 7. Qb5 d5 8. exd5 exd5 9. Qa4 f4 10. Bb5 Bd7
11. Bxc6 Bxc6 12. Qa5 Qe7 13. Nc3 Qe6 14. Nb5 Bxb5 15. Qxb5+ c6 16. Qxb7 Rc8 17. Qa6 Rf7 18. O-O-O Rb8 19. Re1 Rb6 20. Qd3 Bd6
21. Nf3 Bxe5 22. dxe5 Ne7 23. b3 Rb4 24. c4 dxc4 25. bxc4 Rxc4+ 26. Kb1 Rb4+ 27. Kc1 Qxa2 28. Rhf1 Qb2+ 29. Kd1 Qa1+ 30. Kd2 Qb2+
31. Kd1 Nd5 32. e6 Nc3+ 33. Qxc3 Qxc3 34. exf7+ Kxf7 35. Re2 Rb1#
0-1

[Event "Let's Go Dutch"]
[Site "SchemingMind.com"]
[Date "2006.06.02"]
[Round "-"]
[White "cnile"]
[Black "Brerrabbit"]
[Result "0-1"]
[WhiteCountry "SCO"]
[BlackCountry "SCO"]
[WhiteElo "1414"]
[WhiteRD "94"]
[BlackElo "1250"]
[BlackRD "65"]
[GameID "53341"]

1. d4 f5 2. Bg5 h6 3. Bh4 Nf6 4. e3 Nc6 5. Bd3 e5 6. Bxf5 Bd6 7. Nc3 Ne7 8. Bxf6 gxf6 9. Qh5+ Kf8 10. Nf3 Qe8
11. Qxe8+ Kxe8 12. d5 Nxf5 13. O-O-O Rg8 14. e4 Nd4 15. Nh4 Bb4 16. Nb1 Rg4 17. g3 Ne2#
0-1

[Event "Let's Go Dutch"]
[Site "SchemingMind.com"]
[Date "2006.06.06"]
[Round "-"]
[White "Canuck36"]
[Black "Brerrabbit"]
[Result "1-0"]
[WhiteCountry "CAN"]
[BlackCountry "SCO"]
[WhiteElo "1469"]
[WhiteRD "108"]
[BlackElo "1250"]
[BlackRD "65"]
[GameID "53969"]

1. d4 f5 2. e4 fxe4 3. Nc3 Nf6 4. f3 d5 5. fxe4 dxe4 6. Bg5 Nc6 7. d5 Ne5 8. Qd4 Ng6 9. O-O-O Bg4 10. Be2 Bxe2
11. Ngxe2 e6 12. Bxf6 gxf6 13. Nxe4 Bg7 14. Qa4+ c6 15. dxc6 Qc8 16. cxb7+ Qd7 17. Qxd7+
1-0

[Event "Let's Go Dutch"]
[Site "SchemingMind.com"]
[Date "2006.06.06"]
[Round "-"]
[White "Canuck36"]
[Black "Manfred Kraut"]
[Result "1-0"]
[WhiteCountry "CAN"]
[BlackCountry "GER"]
[WhiteElo "1528"]
[WhiteRD "86"]
[BlackElo "1284"]
[BlackRD "68"]
[GameID "53970"]

1. d4 f5 2. e4 fxe4 3. Nc3 d5 4. f3 Nc6 5. fxe4 e6 6. Nf3 dxe4 7. Nxe4 e5 8. Be3 Bd6 9. Bb5 a6 10. Bxc6+ bxc6
11. c4 exd4 12. Bxd4 Nf6 13. Nxf6+ gxf6 14. O-O c5 15. Bc3 Be6 16. Ne1 Bxc4 17. Qh5+ Bf7 18. Qe2+ Qe7 19. Qxe7+ Bxe7 20. Bxf6 Bxf6
21. Rxf6 O-O 22. b3 Rae8 23. Nd3 c4 24. Nc5 cxb3 25. axb3 Re5 26. Nd7 Rfe8 27. Nxe5 Rxe5 28. Rfxa6 Bxb3 29. Rc6 Bd5 30. Ra8+ Kf7
31. Rxc7+ Kf6 32. Ra6+ Re6 33. Rxe6+ Bxe6 34. Rxh7 Kg6 35. Ra7 Kg5 36. g3 Kg4 37. Kf2 Bd5 38. Ra4+ Kh3 39. Rh4#
1-0

[Event "Let's Go Dutch"]
[Site "SchemingMind.com"]
[Date "2006.06.06"]
[Round "-"]
[White "Canuck36"]
[Black "iain"]
[Result "1-0"]
[WhiteCountry "CAN"]
[BlackCountry "USA"]
[WhiteElo "1469"]
[WhiteRD "108"]
[BlackElo "1349"]
[BlackRD "61"]
[GameID "53971"]

1. d4 f5 2. e4 fxe4 3. Nc3 Nf6 4. f3 exf3 5. Nxf3 d5 6. Ne5 Rg8 7. Qh5+ g6 8. Qh4 Nc6 9. Nxc6 bxc6 10. Bg5 Bg7
11. O-O-O Ne4 12. Nxe4 dxe4 13. Qxh7 Kf8 14. Bc4 Rh8 15. Qxg6 Bg4 16. Qf7#
1-0

[Event "Let's Go Dutch"]
[Site "SchemingMind.com"]
[Date "2006.06.06"]
[Round "-"]
[White "Canuck36"]
[Black "mart_r3000"]
[Result "1-0"]
[WhiteCountry "CAN"]
[BlackCountry "ENG"]
[WhiteElo "1528"]
[WhiteRD "86"]
[BlackElo "1246"]
[BlackRD "56"]
[GameID "53972"]

1. d4 f5 2. e4 Nf6 3. exf5 a6 4. c4 c5 5. Nf3 Nc6 6. d5 Nb4 7. a3 Qa5 8. Bd2 Ne4 9. Nc3 Nd6 10. axb4 Qxb4
11. Na4 Qxc4 12. Bxc4 Nxc4 13. O-O d6 14. b3 Ne5 15. Nb6 Rb8 16. Bc3 Bxf5 17. Nxe5 dxe5 18. Bxe5 Rd8 19. Rc1 Rg8 20. Rxc5 e6
21. Rc7 g6 22. b4 Bxb4 23. Qa4+ Kf8 24. Qxb4+ Ke8 25. Qe7#
1-0

[Event "Let's Go Dutch"]
[Site "SchemingMind.com"]
[Date "2006.06.06"]
[Round "-"]
[White "Canuck36"]
[Black "dogod"]
[Result "1-0"]
[WhiteCountry "CAN"]
[BlackCountry "USA"]
[WhiteElo "1469"]
[WhiteRD "108"]
[BlackElo "1017"]
[BlackRD "72"]
[GameID "53973"]

1. d4 f5 2. e4 fxe4 3. Nc3 g6 4. Nxe4 d5 5. Nc3 Bf5 6. Nf3 Bg4 7. Be2 Bxf3 8. Bxf3 Nc6 9. O-O e6 10. Re1 Qd6
11. Bg5 Be7 12. Bxe7 Qxe7 13. Nxd5 Qd6 14. c4 O-O-O 15. c5 Qd7 16. Nf4 Nxd4 17. Bg4 Qg7 18. Nxe6 Nxe6 19. Bxe6+ Kb8 20. Qxd8#
1-0